=LDR 00000nam 2200000 4500 =001 INLIS000000000010277 =005 20130612101954 =008 ***********************************Ind** =035 ##$$0010-061300000010277 =041 ##$$a Ind =082 ##$$a 92 (HAMZAH) =090 ##$$a 92 (HAMZAH), Ali a =100 ##$$a ALISJAHBANA, S. Takdir =245 ##$$a Amir Hamzah, Penyair besar antara dua zaman dan uraian nyanyi sunyi =260 ##$$a 1996 $b Jakarta =300 ##$$a vi, 54 hlm, 21 cm =650 ##$$a Hamzah, Amir, 1911 - 1946 =850 ##$$a NBPNMAT